01010nam a22002417a 450000500170000001000130001702000230003003500130005303700160006604000120008208200310009410000510012524501420017624600690031826000740038727000750046130000510053650000560058765000430064365000400068665000220072665000200074820170124102930.0 aB-075086 c450.00a8170551382 aB-075086 bCen Lib/Ret aDPLbHN a820.8bपालीवा  a पालीवाल, कृष्णदत  aहिंदी आलोचना के नए वैचारिक सरोकार /c कृष्णदत पालिवाल aHindi alochana ke naye vecharik sarokar /bby Krishndat Paliwal  aनई दिल्ली bवाणी प्रकाशन c2002 bनई दिल्ली a२१-ए, दरयागंज e110002 a453पृ.c20सेमी(सजिल्द) aसन्दर्भ गरंथ शामिल  aहिंदी साहित्य  aहिंदी आलोचना  aHindi literature  aHindi criticism